Elhunyt Palásti László
Elmentve itt :
| Szerző: | |
|---|---|
| Dokumentumtípus: | Cikk |
| Megjelent: |
1995-04-14
|
| Sorozat: | Délmagyarország
85 No. 88 |
| Kulcsszavak: | Palásti László |
| Online Access: | http://dmarchiv.bibl.u-szeged.hu/98260 |
| LEADER | 00449nab a2200157 i 4500 | ||
|---|---|---|---|
| 001 | delm98260 | ||
| 005 | 20191014093917.0 | ||
| 008 | 191014s1995 hu o 0|| hun d | ||
| 040 | |a SZTE Délmagyarország Archívum |b hun | ||
| 041 | |a hun | ||
| 100 | 1 | |a Péter László | |
| 245 | 1 | 0 | |a Elhunyt Palásti László |h [elektronikus dokumentum] / |c Péter László |
| 260 | |c 1995-04-14 | ||
| 300 | |a 6 | ||
| 490 | 0 | |a Délmagyarország |v 85 No. 88 | |
| 695 | |a Palásti László | ||